| 000 | 00441nam a22001817a 4500 | ||
|---|---|---|---|
| 005 | 20250807104531.0 | ||
| 008 | 250807b |||||||| |||| 00| 0 eng d | ||
| 020 |
_a9780349121680 _qpbk |
||
| 041 | _aeng | ||
| 082 | _a823.914 HOL | ||
| 100 | _aHolland Tom | ||
| 245 |
_aSupping With Panthers _c/ TOM HOLLAND |
||
| 250 | _a1st ed | ||
| 260 |
_aLondon _bAbacus _c2008 |
||
| 300 |
_a502P. : _c22CM |
||
| 650 | _aFiction | ||
| 942 | _cENGLISH | ||
| 999 |
_c578919 _d578919 |
||